000 00472nam a22001697a 4500
005 20251108170525.0
008 250721s1999 xx 000 0 ara d
082 1 4 _a631.7/دجو
100 1 _aالدجوي، علي
245 1 0 _aطرق الري الحديثة و الصرف المغطى /
264 1 _aالقاهره :
_bمكتبة مدبولي،
_c1999.
300 _a472ص
650 1 7 _aالري
650 1 7 _aالزراعة
942 _2ddc
_cBK
999 _c42608
_d42608